000 00814pam a2200265 a 4500
008
020 _a0627025129 (pbk.)
049 _aMAIN
090 _aHD39.5
_bHUG
100 1 _aHugo, W.M.J.
245 1 0 _aPurchasing and supply management /
_cW.M.J. Hugo, J.A. Badenhorst-Weiss and D.C. Van Rooyen
250 _a4th ed.
260 _aPretoria :
_bVan Schaik Publishers,
_c2002.
300 _aviii, 296 p. :
_bill. ;
_c24 cm.
500 _aIncludes index.
504 _aIncludes biblographical references.
650 0 _aIndustrial procurement
_xManagement.
700 _a Van Rooyen, D.C.
700 _aBadenhorst-Weiss, J.A
907 _a.b10306353
_b13-07-12
_c27-01-12
003
005 20230123125358.0
040 _cNUST
942 _cBOOKS
_kHD39.5
_mHUG
999 _c140489
_d140489